<?xml version="1.0" encoding="UTF-8"?>
<record
    xmlns:xsi="http://www.w3.org/2001/XMLSchema-instance"
    xsi:schemaLocation="http://www.loc.gov/MARC21/slim http://www.loc.gov/standards/marcxml/schema/MARC21slim.xsd"
    xmlns="http://www.loc.gov/MARC21/slim">

  <leader>00879cam a22002172  4500</leader>
  <controlfield tag="001">0000025008</controlfield>
  <controlfield tag="005">20151217161559.0</controlfield>
  <controlfield tag="008">140414s         xx           000 0 eng d</controlfield>
  <datafield tag="040" ind1=" " ind2=" ">
    <subfield code="a">KABU</subfield>
    <subfield code="c">KABU</subfield>
  </datafield>
  <datafield tag="100" ind1="1" ind2=" ">
    <subfield code="a">Wasike, Noela Lesley.</subfield>
    <subfield code="@">0000185375</subfield>
  </datafield>
  <datafield tag="245" ind1="1" ind2="0">
    <subfield code="a">Factors influencing employee adoption of corporate green management practices in the mobile industry in Kenya :</subfield>
    <subfield code="b">a case of Safaricom Limited /</subfield>
    <subfield code="c">Noela Lesley Wasike.</subfield>
  </datafield>
  <datafield tag="250" ind1=" " ind2=" ">
    <subfield code="a">1st  ed.</subfield>
  </datafield>
  <datafield tag="260" ind1=" " ind2=" ">
    <subfield code="a">Nakuru :</subfield>
    <subfield code="b">Kabarak University,</subfield>
    <subfield code="c">2013.</subfield>
  </datafield>
  <datafield tag="300" ind1=" " ind2=" ">
    <subfield code="a">viii, 62 leaves.</subfield>
  </datafield>
  <datafield tag="502" ind1=" " ind2=" ">
    <subfield code="a">Thesis (MBA) - Kabarak University, 2013.</subfield>
  </datafield>
  <datafield tag="610" ind1="2" ind2="0">
    <subfield code="a">Safarocom</subfield>
    <subfield code="x">Management</subfield>
    <subfield code="x">Environmental aspects.</subfield>
    <subfield code="@">0000185376</subfield>
  </datafield>
  <datafield tag="650" ind1=" " ind2="0">
    <subfield code="a">Cellular telephone services industry</subfield>
    <subfield code="x">Management</subfield>
    <subfield code="x">Environmental aspects.</subfield>
    <subfield code="z">Kenya.</subfield>
    <subfield code="@">0000185377</subfield>
  </datafield>
  <datafield tag="908" ind1=" " ind2=" ">
    <subfield code="a">140414</subfield>
  </datafield>
  <datafield tag="950" ind1=" " ind2=" ">
    <subfield code="@">1</subfield>
  </datafield>
  <datafield tag="999" ind1=" " ind2=" ">
    <subfield code="c">15425</subfield>
    <subfield code="d">15425</subfield>
  </datafield>
  <datafield tag="952" ind1=" " ind2=" ">
    <subfield code="0">0</subfield>
    <subfield code="1">0</subfield>
    <subfield code="2">lcc</subfield>
    <subfield code="7">0</subfield>
    <subfield code="a">KABU</subfield>
    <subfield code="b">KABU</subfield>
    <subfield code="d">2015-12-17</subfield>
    <subfield code="l">0</subfield>
    <subfield code="o">HE9715 .K46W37 2013 c. 1</subfield>
    <subfield code="p">016473</subfield>
    <subfield code="r">2015-12-17 00:00:00</subfield>
    <subfield code="w">2015-12-17</subfield>
    <subfield code="y">THE</subfield>
  </datafield>
</record>
